00678nam a2200169 a 450000100100000000500170001000800410002702000180006804000250008610000420011124500990015326000970025230000360034950000570038550000340044250400320047600003825220210910112133.0130405s2012 dr ac 000 0 spa d a9789945005486 aDO-SdBNPbspacBNPHU1 aRamírez Morillo, Belarminio,d1964-10aMargarita por dentro :bconozca las razones de su crecimiento /cBelarminio Ramírez Morillo. aSanto Domingo :bFundación de Estudios Sociopolíticos Jurídicos y Económicos,c2012. a324 p. :bils., rets. ;c24 cm. aIncluye datos biográficos del autor en las solapas aIncluye índice onomástico aBibliografía : p. 321-324